|
|
|
|
| LEADER |
01539nam a2200349 i 4500 |
| 001 |
33165 |
| 003 |
BD-DhAAL |
| 005 |
20211125120741.0 |
| 008 |
180529t2017 enk b 001 0 eng |
| 999 |
|
|
|c 39313
|d 39313
|
| 010 |
|
|
|a 2017048472
|
| 020 |
|
|
|a 9781849467889 (hardback)
|
| 020 |
|
|
|z 9781509918782 (e-PDF)
|
| 020 |
|
|
|z 9781509918799 (ePub)
|
| 040 |
|
|
|a DLC
|b eng
|c DLC
|e rda
|d DLC
|d BD-DhAAL
|
| 050 |
0 |
0 |
|a KZ1242.5
|b .L359 2017
|
| 082 |
0 |
0 |
|a 341.0268
|2 23
|
| 245 |
0 |
0 |
|a Landmark cases in public international law /
|c edited by Eirik Bjorge and Cameron Miles.
|
| 264 |
|
1 |
|a Oxford and Portland, Oregon :
|b Hart Publishing,
|c c2017
|
| 300 |
|
|
|a xiv, 621 pages ;
|c 25 cm.
|
| 490 |
0 |
|
|a Landmark cases series
|
| 504 |
|
|
|a Includes bibliographical references and index.
|
| 526 |
|
|
|a SOL
|
| 541 |
|
|
|a Trim Education
|e 33165, 37443
|
| 650 |
|
0 |
|a International law
|x Cases.
|9 26076
|
| 650 |
|
0 |
|a Law.
|9 43177
|
| 700 |
1 |
|
|a Bjørge, Eirik,
|d 1983-,
|e editor.
|9 26077
|
| 700 |
1 |
|
|a Miles, Cameron A.,
|d 1984-
|e editor.
|9 26078
|
| 852 |
|
|
|a Ayesha Abed Library
|c General Stacks
|
| 942 |
|
|
|2 ddc
|c BK
|
| 952 |
|
|
|0 0
|1 0
|2 ddc
|4 0
|6 341_026800000000000_LAN
|7 0
|9 63384
|a BRACUL
|b BRACUL
|c GEN
|d 2018-05-24
|e Trim Education
|g 12250.00
|l 6
|m 49
|o 341.0268 LAN
|p 3010033165
|r 2025-09-14
|s 2025-09-10
|t 1
|v 12250.00
|w 2018-05-24
|y BK
|
| 952 |
|
|
|0 0
|1 0
|2 ddc
|4 0
|6 341_026800000000000_LAN
|7 0
|9 69153
|a BRACUL
|b BRACUL
|c GEN
|d 2020-12-08
|e Trim Education
|g 11190.00
|l 4
|m 14
|o 341.0268 LAN
|p 3010037443
|r 2026-04-24
|s 2026-04-04
|t 2
|v 11190.00
|w 2020-12-08
|y BK
|x Received during COVID-19 pandemic
|